Intermediate Dinosaur Quiz - Statistics

General Stats
  • This quiz has been taken 21 times
  • The average score is 5 of 15
Answer Stats
Hint Answer % Correct
What time period was the Nothosaurus from? Triassic
86%
Which continent has the most dinosaurs found in the fossil record? North America
79%
When did the movie, "Jurassic Park", come out? 1993
64%
What dinosaur was the "Jurassic Park" Velociraptor based off of? Deinonychus
64%
What country is the asterioid that killed the dinosaurs found? Mexico
64%
What creature was the most significant fossil discovery from the Jurassic? Archaeopteryx
50%
What was the first pterosaur to be discovered? Pterodactylus
29%
What was the first dinosaur taxon outside of Aviale to have evidence of feathers? Sinosauropteryx
29%
What is the largest ceratopsid dinosaur found? Eotriceratops
21%
What was the largest non-reptilian creature in the ocean during the Jurassic? Leedsichthys
21%
What group of dinosaurs is Allosaurus from? Carnosauria
14%
"Jurassic World" featured a mosasaur based off of the? Hoffmann's Mosasaur
7%
What is the largest dinosaur ever discovered? Patagotitan mayorum
7%
Who is known as the "Father of Paleontology" George Cuvier
0%
What is the name of the most complete herbivore dinosaur skeleton ever? Horridus
0%
No matching quizzes found
Score Distribution
Percent of People with Each Score
Percentile by Number Answered
Your Score History
You have not taken this quiz